• 首页
  • 本馆介绍
  • 公告通知
  • 最新文献
  • 馆藏检索
  • 电子资源
  • 读者导购
  • 参考咨询
  • 我的图书馆
  • 登录
  • 详细信息显示
  • 放入我的书架
  • 预约/预借图书
  • 作者相关作品
  • 分类相关作品
  • 丛书相关作品
  • 出版社相关作品

书目信息

  • 表格格式
  • 工作单格式
  • 卡片格式
题名:
日本浮光
    
 
作者: 李丁 行摄
分册:  
出版信息: 成都   四川文艺出版社  2019
页数: 268页
开本: 23cm
丛书名:
单 册:
中图分类: I267.4 , J421.8
科图分类:
主题词: 游记--you ji--中国--当代--作品集 , 摄影集--she ying ji--中国--现代
电子资源:
ISBN: 978-7-5411-5279-5
000 01100nam0 2200289 45
001 012001010417
005 20191125151920.93
010    @a978-7-5411-5279-5@dCNY58.00
099    @aCAL 012019096891
100    @a20190605d2019 em y0chiy50 ea
101 0  @achi
102    @aCN@b510000
105    @aaf z 000cy
106    @ar
200 1  @a日本浮光@Ari ben fu guang@e私人旅日印记@f李丁行摄
205    @a第2版
210    @a成都@c四川文艺出版社@d2019
215    @a268页@c彩图@d23cm
330    @a本书是作者李丁在日本游学访问期间拍摄、撰写的旅游笔记。本书共分八章,分别从城市与家族、棒球与日本、铁路与火车、温泉旅馆、日本三景与海鸥、神社与寺庙、小巷与樱花、城市和乡村、日本印象、私摄指南等几个方面,以大量的照片加简洁的文字,介绍了日本的方方面面。是一部游玩日本、认识日本必不可少的参考书。
517 1  @a私人旅日印记@Asi ren lv ri yin ji
606 0  @a游记@Ayou ji@y中国@z当代@j作品集
606 0  @a摄影集@Ashe ying ji@y中国@z现代
690    @aI267.4@v4
690    @aJ421.8@v4
701  0 @a李丁@Ali ding@4行摄
801  0 @aCN@b上海新华@c20191020
905    @b1136617-20@dI267.4@e3844=2@f4
    
    日本浮光:私人旅日印记/李丁行摄.-第2版.-成都:四川文艺出版社,2019
    268页:彩图;23cm
    
    
    ISBN 978-7-5411-5279-5:CNY58.00
    本书是作者李丁在日本游学访问期间拍摄、撰写的旅游笔记。本书共分八章,分别从城市与家族、棒球与日本、铁路与火车、温泉旅馆、日本三景与海鸥、神社与寺庙、小巷与樱花、城市和乡村、日本印象、私摄指南等几个方面,以大量的照片加简洁的文字,介绍了日本的方方面面。是一部游玩日本、认识日本必不可少的参考书。
●
相关链接 在E读中查询图书 在五车中查询图书 在当当中查询图书 在豆瓣中查询图书


正题名:日本浮光     索取号:I267.4/3844=2         预约/预借

序号 登录号 条形码 馆藏地/架位号 状态 备注
1 1136617   211366172   第一样本阅览室/ [索取号:I267.4/3844=2] 在馆    
2 1136618   211366181   第二借阅区/ [索取号:I267.4/3844=2] 在馆    
3 1136619   211366190   第二借阅区/ [索取号:I267.4/3844=2] 在馆    
4 1136620   211366207   第二借阅区/ [索取号:I267.4/3844=2] 在馆    
唐山师范学院图书馆 欢迎您!
大连网信软件有限公司© 版权所有